Les comptes et le commissaire aux comptes.

Účtovní zmocnenci môžu nezávisle preverovať a potvrdzovať účty a takto vykonávať kontrolu podnikov. Z čoho pramenia pochybnosti o ich práci? Povaha ich zamestnania. Tlaky robené na zmocnencov. Ťažkosti spojené s predvídaním a s prípustnosťou noriem. Rastúce podvody v účtovníctve. (L'Expansion 21.5.1...

Descrizione completa

Salvato in:
Dettagli Bibliografici
Autore principale: Bentégeat, H.
Natura: Capitolo di libro
Lingua:francese
Soggetti:
Tags: Aggiungi Tag
Nessun Tag, puoi essere il primo ad aggiungerne!!

MARC

LEADER 00000naa a2200000 4500
001 r010672
005 20220913124448.7
041 0 |a fre 
044 |a FR 
245 1 0 |a Les comptes et le commissaire aux comptes.  |c H. Bentégeat 
520 |a Účtovní zmocnenci môžu nezávisle preverovať a potvrdzovať účty a takto vykonávať kontrolu podnikov. Z čoho pramenia pochybnosti o ich práci? Povaha ich zamestnania. Tlaky robené na zmocnencov. Ťažkosti spojené s predvídaním a s prípustnosťou noriem. Rastúce podvody v účtovníctve. (L'Expansion 21.5.1992.). 
610 2 0 |a audítorstvo 
610 2 0 |a audítori 
610 2 0 |a kontrola podniková 
610 2 0 |a účty 
610 2 0 |a Európa 
610 2 0 |a USA 
100 1 |a Bentégeat, H.